Mudahkan jangan susahkan

Bibliographic Details
Main Author: Syed Alwi Alatas (Author)
Format: Book
Language:Malay
Published: Petaling Jaya : Galeri ilmu 2012
Subjects:

MARC

LEADER 00000cam a2200000 7i4500
001 0000026570
005 20241115.0
008 240423 my may
020 |a 9789830973487 (paperback) 
040 |a INS   |b eng   |e rda 
090 0 0 |a BJ1496   |b S23 2912 
100 0 |a Syed Alwi Alatas ,   |e author 
245 1 0 |a Mudahkan jangan susahkan   |c Syed Alwi Alatas 
264 1 |a Petaling Jaya :   |b Galeri ilmu   |c 2012 
300 |a xi, 270 pages ;   |c 22 cm. 
336 |a text  |2 rdacontent 
337 |a unmediated  |2 rdamedia 
338 |a volume  |2 rdacarrier 
650 0 |a Conduct of life 
650 0 |a Happiness 
650 0 |a Quality of life 
650 0 |a Self-management (Psychology) 
999 |a 1000002450   |b BOOK   |c Open Shelf   |e Default branch